Statistiques concernant Les classes de donjon et dragon

Cliquez ici pour prendre le quiz!

Statistiques générales

  • Ce quiz a été pris 33 fois
  • Le résultat moyen est 8 sur 12

Statistiques - réponses

Réponse% Correct
Magicien
93%
Paladin
85%
Barbare
81%
Guerrier
81%
Barde
70%
Roublard
67%
Clerc
63%
Druide
63%
Moine
63%
Occultiste
48%
Ensorceleur
44%
Rôdeur
41%

Distribution des résultats

Percentile par nombre de réponses

% des personnes avec chaque résultat

Votre développement - résultats

Vous n’avez pas pris ce quiz